Modern challenges to past philosophy (Record no. 121213)
[ view plain ]
| 000 -LEADER | |
|---|---|
| fixed length control field | 00416nam a22001337a 4500 |
| 008 - FIXED-LENGTH DATA ELEMENTS--GENERAL INFORMATION | |
| fixed length control field | 141107b xxu||||| |||| 00| 0 eng d |
| 020 ## - INTERNATIONAL STANDARD BOOK NUMBER | |
| International Standard Book Number | 9781441170637 |
| 050 ## - LIBRARY OF CONGRESS CALL NUMBER | |
| Classification number | BD41.S85 2014 |
| 100 ## - MAIN ENTRY--PERSONAL NAME | |
| Personal name | Sullivan Thomas D. |
| 9 (RLIN) | 12532 |
| 245 ## - TITLE STATEMENT | |
| Title | Modern challenges to past philosophy |
| Remainder of title | arguments and responses |
| Statement of responsibility, etc | Thomas, Sullivan D. |
| 260 ## - PUBLICATION, DISTRIBUTION, ETC. (IMPRINT) | |
| Place of publication, distribution, etc | New York |
| Name of publisher, distributor, etc | Bloomsbury |
| Date of publication, distribution, etc | 2014 |
| 300 ## - PHYSICAL DESCRIPTION | |
| Extent | 203p. ; |
| Dimensions | 22cm. |
| 942 ## - ADDED ENTRY ELEMENTS (KOHA) | |
| Source of classification or shelving scheme | Library of Congress Classification |
| Item type | Monograph ( Printed materials) |
| Withdrawn status | Lost status | Source of classification or shelving scheme | Damaged status | Not for loan | Home library | Current library | Shelving location | Date acquired | Total Checkouts | Full call number | Barcode | Date last seen | Date last borrowed | Price effective from | Koha item type |
|---|---|---|---|---|---|---|---|---|---|---|---|---|---|---|---|
| Library of Congress Classification | ARRUPE LIBRARY | ARRUPE LIBRARY | Main Collection | 07/11/2014 | 1 | BD41.S85 2014 | 46500003685 | 19/04/2017 | 13/03/2017 | 07/11/2014 | Monograph ( Printed materials) |